| 000 | 01183nac a22003737a 4500 | ||
|---|---|---|---|
| 001 | BR8203276 | ||
| 003 | BR-BrBNA | ||
| 005 | 20240105115340.0 | ||
| 008 | 230509b bl.|||m| |||| 00| 0 por d | ||
| 040 |
_aBR-BrBNA _bpor _cBiblioteca Nacional de Agricultura |
||
| 072 | _aF00 | ||
| 090 | _a0430 BR8203276 | ||
| 100 | 1 | _aPimentel, C.R.M. | |
| 100 | 1 | _aBandeira, C.T. | |
| 100 | 1 | _aJesus, F.M.M. | |
| 100 | 1 | _aCrisostomo, J.R. | |
| 100 | 1 | _aBezerra, J.E.S. | |
| 100 | 1 | _aSilva, M.J. da | |
| 100 | 1 | _aSilva, O.R.R.F. da | |
| 100 | 1 | _aCarvalho, O.S. de | |
| 100 | 1 | _aVieira, R. de M. | |
| 110 | 1 |
_aCentro Nacional de Pesquisa do Algodao, Campina Grande, PB (Brasil) _91702 |
|
| 245 | 1 | _aSistema de producao para o algodoeiro herbaceo irrigado [pratica cultural, defesa vegetal] | |
| 260 | 3 |
_aCampina Grande, PB (Brasil): _c1982. |
|
| 300 | _a12 p. | ||
| 490 |
_aCircular Tecnica - Centro Nacional de Pesquisa do Algodao (Brazil) _vno. 7 _x |
||
| 650 | _aALGODAO HERBACEO | ||
| 650 | _aPRATICA CULTURAL | ||
| 650 | _aIRRIGACAO | ||
| 650 | _aINSETO | ||
| 650 | _aCONTROLE QUIMICO | ||
| 909 |
_a202312 _bLúcia Elande _c55 _dLúcia Elande |
||
| 942 |
_2AGRIS _n0 _cMS |
||
| 999 |
_c274420 _d274420 |
||